Życie religijne w Polsce pod okupacją hitlerowską 1939-1945 : praca zbiorowa pod redakcją Zygmunta Zielińskiego.

Bibliographic Details
Other Authors: Zieliński, Zygmunt, 1931-
Format: Book
Language:Polish
Published: Warszawa : Ośrodek Dokumentacji i Studiów Społecznych, 1982.
Edition:Wyd. 1.
Subjects:

MARC

Tag First Indicator Second Indicator Subfields
LEADER 00000cam a2200000 a 4500
001 in00002012297
005 20151031155625.0
008 840719s1982 pl b b 001 0 pol
010 |a  84128829  
020 |a 8300000089 :  |c zł1200.00 
035 |a (OCoLC)ocm11046306 
040 |a DLC  |c DLC  |d TXA  |d UtOrBLW 
041 0 |a pol  |b ger 
043 |a e-pl--- 
049 |a TXAM 
050 0 0 |a D810.C6  |b Z93 1982 
245 0 0 |a Życie religijne w Polsce pod okupacją hitlerowską 1939-1945 :  |b praca zbiorowa pod redakcją Zygmunta Zielińskiego. 
250 |a Wyd. 1. 
264 1 |a Warszawa :  |b Ośrodek Dokumentacji i Studiów Społecznych,  |c 1982. 
300 |a 1016 pages :  |b maps ;  |c 24 cm. 
336 |a text  |b txt  |2 rdacontent 
337 |a unmediated  |b n  |2 rdamedia 
338 |a volume  |b nc  |2 rdacarrier 
500 |a Summaries in German. 
504 |a Includes bibliographical references and indexes. 
650 0 |a World War, 1939-1945  |x Religious aspects  |x Catholic Church. 
610 2 0 |a Catholic Church  |z Poland  |x History  |y 20th century. 
651 0 |a Poland  |x Church history  |y 20th century. 
700 1 |a Zieliński, Zygmunt,  |d 1931- 
948 |a cataloged  |b h  |c 2005/1/5  |d c  |e spoltoratski  |f 10:37:30 am 
994 |a E0  |b TXA 
999 |a MARS 
999 f f |s b81dec31-d71b-316e-8e4b-d93b4ef66c93  |i 300a76af-e17d-3a50-ac02-860583984f93  |t 0 
952 f f |p ric  |a Texas A&M University  |b Rellis Campus  |c Joint Library Facility  |d Remote Storage  |t 0  |e D810.C6 Z93 1982  |h Library of Congress classification  |i unmediated -- volume  |m A14831590807 
998 f f |a D810.C6 Z93 1982  |t 0  |l Remote Storage